000 00768nam a2200241 i 4500
001 C2-0324535
003 PPAK
005 20180728122901.0
008 131212s2012 enka|||| ||||| | eng d
020 _a9780857238603 ; 0857238604
040 _aPPAK
_beng
_cPPAK
_erda
082 0 4 _a746.4
_223
090 0 0 _a746.4
_bGAN
_dG
100 1 _aGanderton, Lucinda,
_eauthor
245 1 0 _aNeedlecraft
264 1 _aLeicestershire :
_bHermes House ,
_c2012
300 _a256 pages :
_bcolour illustrations ;
_c22 cm
336 _2rdacontent
_atext
337 _2rdamedia
_aunmediated
338 _2rdacarrier
_avolume
650 1 0 _aNeedlecraft skills and techniques. ; Complete guide to needlecraft. ; Needlework - Patterns. ; Needlework - Technique.
942 _ddc
_cB
999 _c124492
_d124492